<?xml version="1.0" encoding="UTF-8"?>
<marc:record xmlns:marc="http://www.loc.gov/MARC21/slim">
   <marc:leader>00000nam a2200000 a 4500</marc:leader>
   <marc:datafield ind1="1" ind2=" " tag="100">
      <marc:subfield code="a">Knab, Barbara</marc:subfield>
      <marc:subfield code="4">aut</marc:subfield>
      <marc:subfield code="e">Verfasser/-in</marc:subfield>
   </marc:datafield>
   <marc:datafield ind1="1" ind2=" " tag="100">
      <marc:subfield code="a">Förstl, Hans</marc:subfield>
      <marc:subfield code="4">aut</marc:subfield>
      <marc:subfield code="e">Verfasser/-in</marc:subfield>
   </marc:datafield>
   <marc:datafield ind1=" " ind2=" " tag="653">
      <marc:subfield code="a">Gedächtnis</marc:subfield>
   </marc:datafield>
   <marc:datafield ind1=" " ind2=" " tag="653">
      <marc:subfield code="a">Mnemotechnik</marc:subfield>
   </marc:datafield>
   <marc:datafield ind1=" " ind2=" " tag="653">
      <marc:subfield code="a">Ratgeber</marc:subfield>
   </marc:datafield>
   <marc:datafield ind1="0" ind2="0" tag="245">
      <marc:subfield code="a">99 Tatsachen über Ihr Gedächtnis</marc:subfield>
   </marc:datafield>
   <marc:datafield ind1="0" ind2="0" tag="245">
      <marc:subfield code="b">wie es funktioniert, was es leistet, wie Sie es schützen und stärken</marc:subfield>
   </marc:datafield>
   <marc:datafield ind1="0" ind2="0" tag="245">
      <marc:subfield code="c">Barbara Knab ; Hans Förstl</marc:subfield>
   </marc:datafield>
   <marc:datafield ind1=" " ind2="1" tag="264">
      <marc:subfield code="a">Stuttgart</marc:subfield>
      <marc:subfield code="b">TRIAS</marc:subfield>
      <marc:subfield code="c">2008</marc:subfield>
   </marc:datafield>
   <marc:datafield ind1="1" ind2=" " tag="520">
      <marc:subfield code="a">Angaben aus der Verlagsmeldung

99 Tatsachen über Ihr Gedächtnis : Wie es funktioniert. Was es leistet. Wie Sie es schützen und stärken / von Barbara Knab, Hans Förstl

Spannend: Neurobiologie unterhaltsam erklärt:
- Nutzbringend: Was hilft gegen das Vergessen?
- Kompetent: von führenden Experten geschrieben.
Die komplizierten Zusammenhänge von Erinnern und Vergessen werden hier spannend und verständlich beschrieben. Der Leser erfährt alles Wissenswerte über die neuesten Erkenntnisse der Neurobiologie und Psychologie und kann daraus direkten Nutzen ziehen. Ein Selbsttest zeigt, wie gut das eigene Gedächtnis funktioniert. Zudem gibt es zahlreiche Tipps, wie das Gedächtnis richtig trainiert werden kann und Antworten auf folgende Fragen: Helfen Medikamente gegen das Vergessen? Nutzt es am Ginkgo zu knabbern? Wie wirkt sich der Lebensstil aus oder wie beeinflussen Krankheiten das Erinnern? Die Antworten zeigen: Nicht jede Gedächtnisstörung ist gleich Alzheimer.
Dr. Barbara Knab ist Psychotherapeutin. Sie arbeitet als Wissenschaftspublizistin.
Prof. Dr. med. Hans Förstl ist ärztlicher Direktor der Klinik für Psychiatrie und Psychotherapie TU München. Er ist einer der führenden Experten zum Thema Gedächtnis und Demenzen sowie Autor zahlreicher Fachpublikationen.
</marc:subfield>
   </marc:datafield>
   <marc:datafield ind1=" " ind2=" " tag="020">
      <marc:subfield code="a">9783830434085</marc:subfield>
      <marc:subfield code="9">9783830434085</marc:subfield>
   </marc:datafield>
   <marc:datafield ind1=" " ind2=" " tag="020">
      <marc:subfield code="a">3830434081</marc:subfield>
      <marc:subfield code="9">3830434081</marc:subfield>
   </marc:datafield>
   <marc:datafield ind1=" " ind2=" " tag="300">
      <marc:subfield code="a">143 S.</marc:subfield>
   </marc:datafield>
</marc:record>
